MARC

LEADER 00000nam0a2200000 4500
001 296323
005 20231102000908.0
020 |a RU  |b 84-47163 
035 |a (RuTPU)RU\TPU\book\321425 
090 |a 296323 
100 |a 20150529d1983 m y0rusy5003 ca 
101 0 |a rus 
102 |a RU 
105 |a a j 001zy 
200 1 |a Несимметричные микромашины переменного тока  |e учебное пособие  |f Е. И. Ефименко  |g Чувашский государственный университет (ЧГУ) 
210 |a Чебоксары  |c Изд-во ЧГУ  |d 1983 
215 |a 120 с.  |c ил. 
320 |a Библиогр.: с. 117 
606 1 |a Электрические машины переменного тока  |x Параметры  |2 stltpush  |3 (RuTPU)RU\TPU\subj\27191  |9 50985 
610 1 |a микроэлектромашины 
610 1 |a несимметричные процессы 
610 1 |a магнитная асимметрия 
610 1 |a явнополюсные синхронные машины 
610 1 |a вращающиеся волны 
610 1 |a электромагнитные моменты 
610 1 |a методы 
610 1 |a расчеты 
610 1 |a учебные пособия 
675 |a 621.313.3-181.4(075.8)  |z rus  |v 4 
700 1 |a Ефименко  |b Е. И.  |g Евгений Иванович  |4 070 
712 0 2 |a Чувашский государственный университет (ЧГУ)  |c (Чебоксары)  |2 stltpush  |3 (RuTPU)RU\TPU\col\299 
801 0 |a RU  |b RuMRKP  |c 19950704  |g psbo 
801 1 |a RU  |b 63413507  |c 20150529 
801 2 |a RU  |b 63413507  |c 20170725  |g RCR 
942 |c BK